Capitals of Europe in 1815 on a Map - Statistics

General Stats
  • This quiz has been taken 717 times
  • The average score is 37 of 77
Answers on the Map
Answers color-coded by a green-red scale on the quiz's map according to % correct below.
 
Answer Stats
Country City % Correct
France Paris
98%
United Kingdom London
97%
Spain Madrid
95%
Prussia Berlin
94%
Norway Christiania
94%
Papal States Rome
94%
Russia Saint Petersburg
94%
Sweden Stockholm
93%
Austria Vienna
93%
Ottoman Empire Constantinople
92%
Netherlands Amsterdam
91%
Denmark Copenhagen
91%
Naples Naples
90%
Netherlands Brussels
89%
Luxembourg Luxembourg
88%
Monaco Monaco
87%
Bavaria Munich
87%
Hamburg Hamburg
86%
Switzerland Bern
85%
Andorra Andorra la Vella
82%
Frankfurt Frankfurt am Main
79%
Tuscany Florence
76%
Sicily Palermo
75%
Bremen Bremen
73%
Sardinia Turin
73%
Liechtenstein Vaduz
72%
Hanover Hanover
66%
Saxony Dresden
64%
San Marino San Marino
63%
Lübeck Lübeck
60%
Württemberg Stuttgart
59%
Parma, Piacenza and Guastalla Parma
57%
Portugal Rio de Janeiro
56%
Modena and Reggio Modena
52%
Lucca Lucca
51%
Oldenburg Oldenburg
49%
Cracow Cracow
44%
Brunswick Brunswick
40%
Mecklenburg-Schwerin Schwerin
40%
Massa and Carrara Massa
35%
Saxe-Weimar-Eisenach Weimar
33%
Anhalt-Dessau Dessau
31%
Saxe-Coburg-Saalfeld Coburg
29%
Circassia Sache
29%
Hohenzollern-Sigmaringen Sigmaringen
29%
Cospaia Cospaia
28%
Saxe-Gotha-Altenburg Gotha
28%
Anhalt-Bernburg Bernburg
27%
Anhalt-Köthen Köthen
27%
Hesse-Homburg Bad Homburg
26%
Hohenzollern-Hechingen Hechingen
26%
Schwarzburg-Rudolstadt Rudolstadt
26%
Baden Karlsruhe
25%
Saxe-Meiningen Meiningen
25%
Hesse (Electorate) Kassel
24%
Hesse (Grand Duchy) Darmstadt
23%
Reuss-Lobenstein Neundorf bei Lobenstein
23%
Reuss-Ebersdorf Ebersdorf
22%
Schwarzburg-Sondershausen Sondershausen
22%
Saxe-Hildburghausen Hildburghausen
21%
Rutul Rutul
17%
Tarki Tarki
17%
Zachur Zachur
17%
Montenegro Cetinje
16%
Reuss Junior Line Gera
16%
Akusha-Dargo Akusha
13%
Mecklenburg-Strelitz Neustrelitz
8%
Reuss Elder Line Greiz
7%
Lippe Detmold
5%
Kabardia Slabada
4%
Saxe-Lauenburg Ratzeburg
3%
Waldeck-Pyrmont Arolsen
2%
Schaumburg-Lippe Bückeburg
2%
Holstein Glückstadt
2%
Nassau Weilburg
2%
Lak Gazikumukh
1%
Karakaitag Bashli
0%
No matching quizzes found
Score Distribution
Percent of People with Each Score
Percentile by Number Answered
Your Score History
You have not taken this quiz